| 000 | 00355nam a2200145 4500 | ||
|---|---|---|---|
| 020 | _a0333124650 | ||
| 040 | _cDLC | ||
| 082 | 0 | 0 | _a620 MAC 1972 A038 Or. |
| 100 | 1 | _aJohn, V. B. | |
| 245 | 1 | 0 | _aIntroduction to engineering materials |
| 260 |
_aLondon, _bMacmillan, _c1972. |
||
| 300 |
_axii, 276 p. _billus. _c24 cm. |
||
| 650 | 0 | _aMaterials. | |
| 942 | _cEK | ||
| 999 |
_c11511 _d11511 |
||